Las ideologías políticas contemporáneas: regímenes y movimientos
Saved in:
| Main Authors: | , |
|---|---|
| 格式: | 圖書 |
| 語言: | 西班牙语 |
| 出版: |
Madrid
Alianza
1998
|
| 叢編: | Colección Manuales/Ciencias Sociales, 5
|
| 主題: | |
| 標簽: |
添加標簽
沒有標簽, 成為第一個標記此記錄!
|
MARC
| LEADER | 00000nam a2200000 a 4500 | ||
|---|---|---|---|
| 001 | UCO2993 | ||
| 003 | CL-VaPUC | ||
| 008 | 000610e19980000SP |||||||||||||||||spa|d | ||
| 082 | 0 | 4 | |a 320.01 |b MAC |2 21 |
| 100 | |a Macridis, Roy C. |e autor |9 453066 | ||
| 700 | 0 | |a Hulliung, Markl |e author |9 446792 | |
| 245 | 1 | 4 | |a Las ideologías políticas contemporáneas: regímenes y movimientos |
| 300 | |a 415 p | ||
| 942 | |c BK | ||
| 945 | |d 20000610 00:00:00 |a rbrito | ||
| 260 | |a Madrid |b Alianza |c 1998 | ||
| 650 | 0 | |a Política |9 255312 | |
| 650 | 0 | |a Democracia |9 255256 | |
| 650 | 0 | |a Liberalismo |9 255715 | |
| 650 | 0 | |a Comunismo |9 255588 | |
| 650 | 0 | |a Autoritarismo |9 295297 | |
| 583 | |a last modification |c 20000610 00:00:00 |k Rodrigo Vera | ||
| 490 | 0 | |a Colección Manuales/Ciencias Sociales, 5 | |
| 999 | |c 289478 |d 289476 | ||
| 952 | |0 0 |1 0 |4 0 |6 320_010000000000000_MAC_1998 |7 0 |8 A |9 337906 |a BIBHIS |b BIBHIS |d 2019-11-20 |i 3622967 |l 2 |o 320.01 MAC 1998 |p 3622967 |r 2025-01-20 |s 2023-07-07 |w 2019-11-20 |y BK |k HIS | ||